Statistics for Cities by Skyline

Click here to take the quiz!

General Stats

  • This quiz has been taken 1,241 times
  • The average score is 9 of 16

Answer Stats

Answer% Correct
New York
93%
Seattle
90%
Dubai
89%
Toronto
86%
Rio de Janeiro
81%
Shanghai
78%
Los Angeles
64%
Chicago
60%
Hong Kong
57%
London
52%
Doha
48%
Dallas
35%
Cape Town
33%
Miami
31%
Moscow
25%
Paris (La Défense)
21%

Score Distribution

Percentile by Number Answered

Percent of People with Each Score

Your Score History

You have not taken this quiz